Historia del arte (medieval y del renacimiento) (Record no. 27734)

MARC details
000 -LEADER
campo de control de longitud fija 00660nam a2200169 i 4500
001 - NÚMERO DE CONTROL
campo de control 27734
003 - IDENTIFICADOR DE NÚMERO DE CONTROL
campo de control ES-MaACL
005 - FECHA Y HORA DE LA ÚLTIMA TRANSACCIÓN
campo de control 20230906153710.0
007 - CAMPO FIJO DE DESCRIPCIÓN FÍSICA--INFORMACIÓN GENERAL
campo de control de longitud fija t|
008 - DATOS DE LONGITUD FIJA--INFORMACIÓN GENERAL
campo de control de longitud fija 030115s1977 sp ||||1| spa d
100 1# - ENTRADA PRINCIPAL--NOMBRE DE PERSONA
Nombre de persona Azcárate Ristori, José María de.
9 (RLIN) 24256
245 10 - MENCIÓN DEL TÍTULO
Título Historia del arte (medieval y del renacimiento)
Resto del título : segundo ciclo (primer curso) /
Mención de responsabilidad, etc. por José María de Azcárate Ristori ; con la colaboración de Matilde Azcárate Luxán.
260 ## - PUBLICACIÓN, DISTRIBUCIÓN, ETC.
Lugar de publicación, distribución, etc. [Madrid] :
Nombre del editor, distribuidor, etc. Universidad Nacional de Educación a Distancia,
Fecha de publicación, distribución, etc. 1977.
300 ## - DESCRIPCIÓN FÍSICA
Extensión 6 t. en 1 v. ;
Dimensiones 30 cm.
700 1# - ENTRADA AGREGADA--NOMBRE PERSONAL
Nombre de persona Azcárate Luxán, Matilde.
9 (RLIN) 24254
852 ## - LOCALIZACIÓN
Ubicación ES-MaACL
Número de control de estantería L-2634
Sublocalización o colección R.103646
Holdings
Estatus retirado Estado de pérdida Estado de daño No para préstamo Biblioteca de origen Biblioteca actual Ubicación en estantería Fecha de adquisición Fuente de adquisición Total de préstamos Signatura topográfica completa Código de barras Visto por última vez Precio de reemplazo Tipo de ítem Koha
        Biblioteca del Ateneo de Madrid Biblioteca del Ateneo de Madrid Depósito 2 17/01/2008     L-2634 1028640 23/02/2023 23/02/2023 Libro impreso